All Kirby Games - Statistics

General Stats
  • This quiz has been taken 9 times
  • The average score is 13 of 78
Answer Stats
Answer % Correct
Kirby's Dream Land
86%
Kirby's Adventure
71%
Kirby's Dream Land 2
71%
Kirby's Dream Land 3
71%
Kirby 64 The Crystal Shards
57%
Kirby And The Amazing Mirror
57%
Kirby And The Forgotten Land
57%
Kirby Planet Robobot
43%
Kirby Squeak Squad
43%
Kirby Star Allies
43%
Kirby Triple Deluxe
43%
Kirby Air Ride
29%
Kirby Air Riders
29%
Kirby Mass Attack
29%
Kirby Nightmare In Dreamland
29%
Kirby's Avalanche
29%
Kirby's Canvas Curse
29%
Kirby's Dream Buffet
29%
Kirby's Dream Collection
29%
Kirby's Dream Course
29%
Kirby's Epic Yarn
29%
Kirby's Star Stacker
29%
Kirby's Super Star Stacker
29%
Kirby's Tilt N Tumble
29%
Kirby Super Star
29%
Kirby Super Star Ultra
29%
3D Classics Kirby's Adventure
14%
Dedede's Drum Dash Deluxe
14%
Kid Kirby
14%
Kirby And The Rainbow Curse
14%
Kirby Battle Royale
14%
Kirby Fighters 2
14%
Kirby Fighters Deluxe
14%
Kirby's Air Ride
14%
Kirby's Block Ball
14%
Kirby's Blowout Blast
14%
Kirby's Extra Epic Yarn
14%
Kirby Slide
14%
Kirby's Return To Dreamland Deluxe
14%
Super Smash Bros
14%
Super Smash Bros Brawl
14%
Super Smash Bros For Nintendo 3DS
14%
Super Smash Bros For Nintendo Wii U
14%
Super Smash Bros Melee
14%
Super Smash Bros Ultimate
14%
Choose Your Buddy
0%
Hypernova Yourself
0%
Kirby Adventure Gamecube
0%
Kirby Air Ride Jigsaw Puzzle!
0%
Kirby And The Forgotten Land + Star-Crossed World
0%
Kirby Board Game
0%
Kirby Bowl 64
0%
Kirby Family
0%
Kirby: Nightmare in Dream Land Kirby Mini-Game
0%
Kirby of the Stars: Magical Tower of Medal Land
0%
Kirby of the Stars Photo Frame
0%
Kirby: Planet Robobot Jigsaw Jumble
0%
Kirby's Epic Patchifyer
0%
Kirby's Extra Epic Yarn Jigsaw Jumble
0%
Kirby's Gourmet Race
0%
Kirby Shuffle Puzzle 1
0%
Kirby Shuffle Puzzle 2
0%
Kirby Smashifyer
0%
Kirby's Pinball Land
0%
Kirby's Quick Draw
0%
Kirby's Returns To Dreamland
0%
Kirby Star Allies Jigsaw Jumble
0%
Kirby Star Ride
0%
Kirby's Tilt N Tumble 2
0%
Kirby's Toy Box
0%
Kirby: Triple Deluxe Match-Up
0%
Quick Draw
0%
Robobot Yourself
0%
Speed Eaters
0%
Speedy Tea Time
0%
Super Kirby Clash
0%
Team Kirby Clash Deluxe
0%
Waddle Doom
0%
No matching quizzes found
Score Distribution
Percent of People with Each Score
Percentile by Number Answered
Your Score History
You have not taken this quiz